000 01245nam a2200349 i 4500
001 40521
003 KOSZ 005
005 20220920131417.0
008 020202s2001 pl f |000 0 pol d
020 _a8371875371
040 _cKOSZ 005
_aKOSZ 005
_dKOSZ 005/HR
046 _k2001-
080 _a341.22
080 _a346.52(438)
100 1 _aJaruga, Alicja
_d(1928-2011)
_eAutor
245 1 0 _aZnowelizowana ustawa o rachunkowości a standardy międzynarodowe /
_cAlicja Jarugowa, Przemysław Kabalski.
260 _aGdańsk :
_bOśrodek Doradztwa i Doskonalenia Kadr,
_c2001.
300 _a165 s. ;
_c24 cm.
336 _2rdacontent
_aTekst
_btxt
337 _2rdamedia
_aBez urządzenia pośredniczącego
_bn
338 _2rdacarrier
_aWolumin
_bnc
380 _aKsiążki
388 _a2001-
650 4 _aMiędzynarodowe Standardy Sprawozdawczości Finansowej (MSSF)
650 4 _aRachunkowość
658 _aGospodarka, ekonomia, finanse
658 _aPrawo i wymiar sprawiedliwości
700 1 _aKabalski, Przemysław
_eAutor
710 2 _aODDK
_4pbl
856 _uhttp://koha.tu.koszalin.pl/cgi-bin/koha/opac-detail.pl?biblionumber=40521
_yKatalog online BPK
942 _cKS
_2UKD
999 _c40521
_d40521